| 000 | 01120nam a2200313 c 4500 | ||
|---|---|---|---|
| 999 |
_c19172 _d19172 |
||
| 003 | BLK | ||
| 005 | 20210205095103.0 | ||
| 008 | 180413b bul|||||r ||||||| ||bul|| | ||
| 010 | _aKNG00021270000 | ||
| 040 | _aBLK | ||
| 041 |
_aDEU _cDEU _hRUS |
||
| 080 |
_aЛексикология. Езикови речници и разговорници. Лексикография _b81`374 _x=112.2=161.1 _z81`374=112.2=161.1 |
||
| 139 |
_aБольшой немецко-русский словарь _bБ 61 |
||
| 245 | 1 | 0 |
_aБольшой немецко-русский словарь _bТ. 1 - _nТ. 1 _pА - К |
| 246 | 1 | 1 | _aDas grosse deutsch-russische worterbuch |
| 257 | _aSUN | ||
| 260 |
_bСов. энцикл. _c1969 - _aМосква |
||
| 300 | _c26 см | ||
| 380 | _a80 | ||
| 650 | 4 |
_aРечници, двуезични _9261427 |
|
| 653 | _aречници | ||
| 653 | _aнемско-руски речници | ||
| 760 | 1 |
_d1969 _h760 с. _tТ. 1 А - К |
|
| 852 | _aЦб ІІ 3649 | ||
| 856 | 4 |
_qpdf _u |
|
| 856 | 4 |
_qpdf _u |
|
| 942 |
_cKNG _n0 _s1 |
||
| 944 |
_aCR _c08.03.2011 _kЕлица_Владова |
||
| 944 |
_aED _c08.03.2011 |
||
| 999 | _d19172 | ||